000
00281nam a22001337a 4500
008
181101b xxu||||| |||| 00| 0 eng d
020
_a
0716702452
041
_a
eng
080
_a
910
100
_a
42
101
_a
GJEO
245
_a
Ore Deposits
_c
Park, Ch. F
942
_2
udc
_c
BK
999
_c
51543
_d
51543